000 00372nam a2200145Ia 4500
008 240729s9999 xx 000 0 und d
022 _a1715-8125
245 0 _aMcGill Journal of Medicine
260 _aCanada
260 _bMcGill University
650 _aMedicine
856 _uhttps://doaj.org/toc/8c93562177224cb0946720d1961458f0
942 _2ddc
942 _cDOAJEJ
999 _c73059
_d73059
945 _a1
_bMadushi Gamage
_c1
_dMadushi Gamage